skbl

Dr Suryya Kumar Bhuyan Library Web-OPAC
ডঃ সূৰ্য্য
কুমাৰ ভূঞা পুথিভঁৰাল ৱেব-অ'পেক

All Research Scholars are advised to clear the annual library fees to continue using Library Resources, Remote Access, Plagiarism Test and Library Clearance.

Cotton University Book Fair 2026

Spacial Functions / (Record no. 3645)

MARC details
000 -LEADER
fixed length control field 00891nam a2200349Ia 4500
001 - CONTROL NUMBER
control field 3657
005 - DATE AND TIME OF LATEST TRANSACTION
control field 20240113233641.0
007 - PHYSICAL DESCRIPTION FIXED FIELD--GENERAL INFORMATION
fixed length control field ta
008 - FIXED-LENGTH DATA ELEMENTS--GENERAL INFORMATION
fixed length control field 180531s1996 ii g b000 u 465 u
020 ## - INTERNATIONAL STANDARD BOOK NUMBER
Terms of availability Rs. 60.00 (PB)
040 ## - CATALOGING SOURCE
Original cataloging agency Cotton College,Assam
041 ## - LANGUAGE CODE
Language code of text/sound track or separate title eng
082 ## - DEWEY DECIMAL CLASSIFICATION NUMBER
Classification number 515.5
Item number Sh 11 Sp
100 ## - MAIN ENTRY--PERSONAL NAME
Personal name Sharma, J.N. .
245 #0 - TITLE STATEMENT
Title Spacial Functions /
Statement of responsibility, etc. J.N. Sharma and R.K. Gupta.
Medium Textual Documents
250 ## - EDITION STATEMENT
Edition statement 9th ed. /
260 ## - PUBLICATION, DISTRIBUTION, ETC.
Place of publication, distribution, etc. Meerut :
Name of publisher, distributor, etc. Krishna Prakashan Mandir ,
Date of publication, distribution, etc. 1996.
300 ## - PHYSICAL DESCRIPTION
Extent viii, 68p. ;
Dimensions 21cm.
365 ## - TRADE PRICE
Price type code Rs. 60.00
500 ## - GENERAL NOTE
General note 2 copies
653 ## - INDEX TERM--UNCONTROLLED
Uncontrolled term Mathematics
653 ## - INDEX TERM--UNCONTROLLED
Uncontrolled term Spacial Functions
653 ## - INDEX TERM--UNCONTROLLED
Uncontrolled term Functions
653 ## - INDEX TERM--UNCONTROLLED
Uncontrolled term PG-Mathematics
700 ## - ADDED ENTRY--PERSONAL NAME
Personal name Gupta, R.K. .
942 ## - ADDED ENTRY ELEMENTS (KOHA)
Source of classification or shelving scheme Dewey Decimal Classification
Koha item type Books
Holdings
Withdrawn status Lost status Damaged status Not for loan Home library Current library Date acquired Coded location qualifier Cost, normal purchase price Total checkouts Full call number Barcode Date last seen Copy number Price effective from Koha item type
        Dr. Suryya Kumar Bhuyan Library Dr. Suryya Kumar Bhuyan Library 01/02/2012 00000 60.00   515.5 Sh 11 Sp 78089 13/01/2024 4 01/02/2012 Books
        Dr. Suryya Kumar Bhuyan Library Dr. Suryya Kumar Bhuyan Library 01/02/2012 00000 60.00   515.5 Sh 11 Sp 1037/Math 13/01/2024 2 01/02/2012 Books
        Dr. Suryya Kumar Bhuyan Library Dr. Suryya Kumar Bhuyan Library 01/02/2012 00000 60.00   515.5 Sh 11 Sp 323/Stat 13/01/2024 1 01/02/2012 Books
        Dr. Suryya Kumar Bhuyan Library Dr. Suryya Kumar Bhuyan Library 01/02/2012 00000 60.00   515.5 Sh 11 Sp 76409 13/01/2024 3 01/02/2012 Books

Designed and Maintained by Team SKBL
©1901-2026

Powered by Koha